000 01684nam a2200469 i 4500
001 15295
003 KOSZ 005
005 20200624111337.0
008 200408s1973 pl a f f 000 0 pol
015 _aUWD 1973/2722
035 _a991032972859705066
035 _a(PL-WaBN)b18837955-48omnis_nlop
035 _ab18837955
035 _a(OCoLC)749403709
035 _a(PL)b0000001883795
035 _a(EXLNZ-48OMNIS_NETWORK)9910431111405606
040 _aWA N
_cWA N
_dKOSZ 005/RW
046 _k1973
080 _a54
080 _a(075.8)
100 1 _aPrzewłocka, Hanna
_d(1923-2017)
_eAutor
245 1 0 _aChemia ogólna.
_nCz. 1 /
_cHanna Przewłocka, Mieczysław Kozikowski, Natalia Zelichowicz ; Politechnika Częstochowska. Wydział Metalurgiczny.
260 _aCzęstochowa :
_bPolitechnika Częstochowska,
_c1973.
300 _a145 stron, [1] karta tablic :
_bilustracje ;
_c24 cm.
336 _aTekst
_btxt
_2rdacontent
337 _aBez urządzenia pośredniczącego
_bn
_2rdamedia
338 _aWolumin
_bnc
_2rdacarrier
380 _aKsiążki
380 _aPublikacje dydaktyczne
388 _a1901-2000
388 _a1945-1989
650 7 _aChemia
_2DBN
655 7 _aPodręczniki akademickie
_2DBN
658 _aChemia
700 1 _aKozikowski, Mieczysław
_eAutor
700 1 _aZelichowicz, Natalia
_eAutor
710 2 _aPolitechnika Częstochowska
710 2 _aWydawnictwo Politechniki Częstochowskiej
_4pbl
856 _uhttp://koha.tu.koszalin.pl/cgi-bin/koha/opac-detail.pl?biblionumber=15295
_yKatalog online BPK
942 _2UKD
_cKS
999 _c15295
_d15295